[Event "27th CRO-chT 1B-Men 2018"]
[Site "Biograd"]
[Date "2018.09.18"]
[Round "2.30"]
[White "Curic, Drazen"]
[Black "Blazeka, Matej"]
[Result "0-1"]
[WhiteElo "2133"]
[BlackElo "2354"]
[Annotator "TA"]
[PlyCount "104"]
[EventDate "2018.09.15"]
[EventType "team-tourn"]
[EventCountry "CRO"]
[SourceTitle "playchess.com"]
[Source "ChessBase"]
[SourceQuality "1"]

{[%evp 14,104,0,0,0,0,0,0,0,0,14,-37,-39,-83,-79,-112,-117,-124,-82,-69,-62,-105,-101,-100,-104,-137,-141,-141,-135,-135,-139,-180,-171,-179,-177,-195,-160,-186,-179,-178,-137,-169,-137,-137,-137,-139,-139,-137,-125,-140,-144,-154,-150,-143,-111,-98,-8,-152,-152,-212,-193,-213,-99,-109,-93,-93,-100,-140,-127,-132,-127,-116,-116,-143,-144,-199,-194,-185,-141,-172,-150,-236,-229,-371,-334,-738,-703,-585,-529,-6110,-6103,-5818,-5740]} 1. d4 Nf6 2. Nf3 d5 3. c4 c6 4. Nc3 e6 5. e3 Nbd7 6. cxd5 exd5 7. Bd3 Bd6 8. Qc2 {LiveBook: 21 Games. D45: Semi-Slav: 5 e3} (8. a3 O-O 9. Qc2 Re8 10. Bd2 Qe7 11. b4 a6 12. Na4 Ne4 13. O-O Rb8 14. Bc3 Ndf6 15. Bb2 Ng4 {½-½ (55) Gheng,J (2347)-Demidov,M (2524) Pardubice 2017}) 8... a6 9. b3 O-O 10. Bb2 {The position is equal.} Re8 11. O-O Qe7 $146 ({Predecessor:} 11... Nf8 12. h3 Qe7 13. Na4 Ne4 14. Bxe4 dxe4 15. Ne5 Bxe5 16. dxe5 Ng6 17. Qxe4 Nxe5 {1-0 (48) Kameran,A (2022)-Rawand,H (1927) Sulaymaniyah 2012}) 12. g3 (12. Nd2 $11) 12... Ne4 $15 13. Nh4 Ndf6 14. Nxe4 dxe4 15. Be2 Ng4 16. Ng2 Qe6 17. Qd1 Nf6 $1 18. f3 Qh3 19. Nf4 Bxf4 20. exf4 {[#]} exf3 $1 21. Bxf3 Bg4 22. d5 {White wants to play Bxf6.} Bxf3 23. Rxf3 Nxd5 24. Qd2 Qe6 25. Rd1 f6 26. Bd4 Qe2 27. Rf2 Qxd2 28. Rdxd2 Re1+ 29. Kg2 Rd8 30. Kf3 Kf7 31. Bc5 Rc1 32. Rc2 Rxc2 33. Rxc2 $17 {[%mdl 4096] Endgame KRB-KRN} b6 34. Bf2 Nb4 (34... c5 $17 35. Rd2 Ke7) 35. Rc4 {[#]} (35. Bxb6 $11 Rd3+ 36. Ke2 Rxb3 37. axb3 Nxc2 38. Kd3) 35... c5 $1 ({Resist} 35... Nxa2 36. Rxc6 Rd3+ 37. Kg4 $15) 36. Be1 (36. a3 $17 {might work better.} Nc6 37. Ke2) 36... Nc6 37. b4 Nxb4 (37... Rd1 $19 38. bxc5 b5) 38. Bxb4 cxb4 39. Rxb4 $19 {KR-KR} b5 40. a4 Rb8 41. axb5 axb5 42. Ke4 Ke6 43. g4 Kd6 44. Kd4 (44. Kd3 $17 {is a better defense.}) 44... Kc6 45. Rb1 Rd8+ 46. Ke4 Re8+ 47. Kf5 (47. Kd3 $17) 47... Rb8 48. h4 (48. Rc1+ {keeps fighting.} Kd5 49. Rd1+ Kc4 50. Ke4) 48... b4 {[%cal Bb5b4,Bb4b3][%mdl 32]} 49. g5 $2 (49. h5 b3 50. h6 Rb5+ 51. Ke6 gxh6 52. f5) 49... fxg5 {Black is clearly winning.} 50. hxg5 g6+ 51. Ke6 b3 52. Rc1+ Kb5 {Precision: White = 23%, Black = 65%.} 0-1

[Event "27th CRO-chT 1B-Men 2018"]
[Site "Biograd"]
[Date "2018.09.19"]
[Round "3.1"]
[White "Sprenger, Jan Michael"]
[Black "Sedlak, Nikola"]
[Result "0-1"]
[WhiteElo "2490"]
[BlackElo "2587"]
[Annotator "TA"]
[PlyCount "86"]
[EventDate "2018.09.15"]
[EventType "team-tourn"]
[EventCountry "CRO"]
[SourceTitle "playchess.com"]
[Source "ChessBase"]
[SourceQuality "1"]

{[%evp 16,86,18,6,12,0,0,0,25,25,39,33,58,58,58,56,57,61,45,0,62,27,46,0,0,0,27,0,0,0,-37,-51,0,-140,-140,-149,-149,-208,-165,-308,-319,-339,-329,-538,-538,-548,-496,-534,-520,-616,-601,-619,-619,-578,-491,-606,-595,-599,-580,-580,-568,-1049,-1043,-942,-954,-1217,-1152,-1201,-1160,-2663,-1481,-5197,-5097]} 1. e4 c6 2. d4 d5 3. e5 c5 4. dxc5 e6 5. a3 (5. Nf3 Bxc5 6. a3 Nd7 7. Bd3 f6 8. b4 Be7 9. Bb2 fxe5 10. Nxe5 Nxe5 11. Bxe5 Bf6 12. O-O Nh6 13. Bxf6 Qxf6 {1-0 (70) Jakovenko,D (2735)-Fedoseev,V (2706) Poikovsky 2018}) 5... Bxc5 6. b4 {B12: Caro-Kann: Advance Variation} Bb6 7. Bb2 Ne7 8. Nf3 a5 9. b5 {LiveBook: 4 Games} Nd7 $146 ({Predecessor:} 9... a4 10. Be2 Nd7 11. O-O O-O 12. c4 Nc5 13. Nc3 dxc4 {½-½ (39) Salgado Lopez,I (2629)-Gharamian,T (2626) Heraklio 2017}) 10. a4 Ng6 11. Bd3 Bc7 {[%cal Rg6e5]} (11... f5 {looks sharper.} 12. O-O Qc7 13. Qe2 Nf4 14. Qd2 Ng6) 12. Bxg6 $1 hxg6 13. O-O g5 {[#] Strongly threatening ...g4.} 14. h3 $1 Nc5 {[%cal Bd7c5,Bc5e4,Be4c3][%mdl 32]} 15. Nbd2 b6 16. Re1 Bb7 17. Nd4 Qd7 (17... Rc8 $11) 18. N2b3 Bd8 19. Qd2 Ne4 20. Qe2 Be7 21. Ba3 (21. f3 $5 {[%cal Rf3e4]}) 21... Rc8 22. Bxe7 Qxe7 23. f3 Nc3 $36 {[%mdl 2048] Black has good play.} 24. Qd2 (24. Qe3 $11) 24... Rc4 $17 25. Ne2 Nxa4 26. Nbd4 (26. c3 $17 {was worth a try.}) 26... Rh4 27. Rad1 {[#]} (27. Nb3 $142) 27... Nc3 $1 $19 {[%mdl 512]} 28. Nxc3 {And now Nce2 would win.} Rhxd4 ({Don't play} 28... Rcxd4 29. Qf2 $19) 29. Qxd4 $2 (29. Qf2 Rxd1 30. Nxd1) 29... Rxd4 {Black is clearly winning.} 30. Rxd4 Qc5 31. Ne2 Qxb5 32. Rdd1 Qc5+ 33. Nd4 Ba6 34. Kh2 Bc4 35. c3 a4 36. Rd2 a3 37. Ra1 a2 38. Rdxa2 Bxa2 39. Rxa2 Qxc3 {KQ-KRN} 40. Ra8+ Kd7 41. Ra7+ Kc8 42. Nb5 Qxe5+ 43. Kh1 d4 {Precision: White = 32%, Black = 66%.} 0-1

[Event "27th CRO-chT 1B-Men 2018"]
[Site "Biograd"]
[Date "2018.09.19"]
[Round "3.2"]
[White "Nemeth, Miklos"]
[Black "Seyb, Alexander"]
[Result "1/2-1/2"]
[WhiteElo "2477"]
[BlackElo "2388"]
[Annotator "TA"]
[PlyCount "43"]
[EventDate "2018.09.15"]
[EventType "team-tourn"]
[EventCountry "CRO"]
[SourceTitle "playchess.com"]
[Source "ChessBase"]
[SourceQuality "1"]

{[%evp 15,43,10,0,0,0,-27,-37,-39,-33,-39,-35,-61,-45,-42,-45,-35,0,0,0,-21,0,0,0,-11,-14,-24,20,-22,-24,-29]} 1. e4 c5 2. Nf3 d6 3. d4 cxd4 4. Nxd4 Nf6 5. Nc3 a6 6. Bg5 Nbd7 7. f4 Qc7 8. Qf3 {B94: Sizilianisch (Najdorf-Variante mit 6.Lg5)} b5 {LiveBook: 74 Partien} 9. a3 (9. O-O-O Bb7 10. g4 g6 11. Bxf6 Nxf6 12. g5 Nd7 13. Nd5 Bxd5 14. exd5 Bg7 15. Nc6 Nb8 {½-½ (40) Fier,A (2570)-Banikas,H (2591) Rio Achaea 2018}) 9... Bb7 10. Bd3 {Die Stellung ist ausgeglichen.} g6 $146 ({Vorgänger:} 10... e6 11. Bh4 Rc8 12. g4 d5 13. Bxf6 Nxf6 14. g5 dxe4 15. Nxe4 Nxe4 16. Bxe4 Bxe4 17. Qxe4 {½-½ (41) Ulker,A (2120)-Prochaska,J (2024) Oberwart 2011}) 11. Nb3 Bg7 12. O-O $1 Rc8 13. Qe2 O-O 14. Rae1 h6 15. Bh4 e5 16. fxe5 dxe5 17. Qf3 Qb6+ 18. Bf2 Qe6 19. a4 b4 20. Na2 a5 21. Nac1 Ra8 22. Nd2 {Precision: Weiß = 59%, Schwarz = 68%.} 1/2-1/2

[Event "27th CRO-chT 1B-Men 2018"]
[Site "Biograd"]
[Date "2018.09.17"]
[Round "3.3"]
[White "Rade, Miroslav"]
[Black "Krstic, Uros"]
[Result "1/2-1/2"]
[WhiteElo "2395"]
[BlackElo "2364"]
[Annotator "RC"]
[PlyCount "42"]
[EventDate "2018.09.15"]
[EventType "team-tourn"]
[EventCountry "CRO"]
[SourceTitle "playchess.com"]
[Source "ChessBase"]
[SourceQuality "1"]
[TimeControl "40/5400+30:1800+30"]

1. e4 {[%emt 0:00:30]} c6 {[%emt 0:04:30]} 2. Nc3 {[%emt 0:00:30]} d5 {[%emt 0:00:30]} 3. Nf3 {[%emt 0:00:00]} dxe4 {[%emt 0:00:30]} 4. Nxe4 {[%emt 0:00:00]} Nf6 {[%emt 0:00:00]} 5. Nxf6+ {[%emt 0:00:30]} exf6 {[%emt 0:00:00]} 6. d4 {[%emt 0:00:00]} Bd6 {[%emt 0:00:30]} 7. Bd3 {[%emt 0:00:00]} O-O {[%emt 0:00:30]} 8. O-O {[%emt 0:00:30]} Re8 {[%emt 0:06:30]} 9. h3 {[%emt 0:10:30]} Nd7 {[%emt 0:02:30]} 10. Bd2 {[%emt 0:10:30]} Nf8 {[%emt 0:03:30]} 11. c4 {[%emt 0:03:30]} Be6 {[%emt 0:06:30]} 12. Re1 {[%emt 0:16:30]} Qd7 {[%emt 0:06:30]} 13. Qb3 {[%emt 0:04:30]} Rad8 {[%emt 0:11:30]} 14. Rad1 {[%emt 0:02:30]} Bb8 {[%emt 0:06:30]} 15. Ba5 {[%emt 0:06:30]} b6 {[%emt 0:06:30]} 16. Bd2 {[%emt 0:02:30]} Ng6 {[%emt 0:01:30]} 17. Bc1 {[%emt 0:00:30]} Qc7 {[%emt 0:02:30]} 18. Kf1 {[%emt 0:04:30]} Qc8 {[%emt 0:13:30]} 19. Kg1 {[%emt 0:00:30]} Qc7 {[%emt 0:07:58]} 20. Kf1 {[%emt 0:00:00]} Qc8 {[%emt 0:11:33]} 21. Kg1 {[%emt 0:00:00]} Qc7 {[%emt 0:01:41]} 1/2-1/2

[Event "27th CRO-chT 1B-Men 2018"]
[Site "Biograd"]
[Date "2018.09.17"]
[Round "3.4"]
[White "Vernacki, Srdjan"]
[Black "Muha, Miljenko"]
[Result "1-0"]
[WhiteElo "2357"]
[BlackElo "2364"]
[Annotator "TA"]
[PlyCount "81"]
[EventDate "2018.09.15"]
[EventType "team-tourn"]
[EventCountry "CRO"]
[SourceTitle "playchess.com"]
[Source "ChessBase"]
[SourceQuality "1"]

{[%evp 16,81,0,0,20,6,22,0,10,-10,0,-21,-19,-66,-52,-65,-27,-33,-23,-44,-21,-31,-13,-64,4,0,21,-3,0,0,13,-86,5,-29,39,16,45,48,115,104,84,68,92,87,69,-62,8,0,0,0,0,-88,133,144,137,0,123,5,229,225,237,45,58,64,295,166,1851,1842]} 1. Nf3 d5 2. e3 Nf6 3. c4 c6 4. b3 Bg4 5. Be2 e6 6. Bb2 Bd6 7. Ne5 Bxe2 8. Qxe2 O-O 9. O-O {LiveBook: 3 Games} Nfd7 {A12: English Opening: 1...c6 with b3 by White} (9... Qe7 10. f4 Nbd7 11. d3 a5 12. a3 c5 13. a4 Bc7 14. Nxd7 Nxd7 15. Nc3 Nf6 16. Nb5 Bb8 17. Qf3 {0-1 (34) Speelman,J (2503)-Qiu,T (2289) England 2013}) 10. Nf3 Qe7 $146 ({Predecessor:} 10... a5 11. a3 f5 12. d3 Nf6 13. Nbd2 g5 14. e4 g4 15. e5 gxf3 16. Nxf3 Nbd7 17. exf6 Rxf6 18. Bxf6 Qxf6 {½-½ (58) Pingas,B (2287)-Fiori,H (2080) Pinamar 2004}) 11. d3 Rd8 {The position is equal.} 12. a3 a5 13. Nbd2 e5 14. e4 d4 15. g3 c5 16. Nh4 g6 17. Ng2 Nc6 18. f4 exf4 19. gxf4 (19. Nxf4 $11 Bxf4 20. gxf4) 19... f5 (19... Rf8 $15) 20. Rae1 $11 fxe4 21. dxe4 (21. Nxe4 $5 {[%cal Re2f3]} Nf6 22. Ne3 $11) 21... Rf8 22. e5 Bc7 23. Qg4 (23. a4 $11) 23... Rae8 (23... a4 $17 24. Rc1 axb3 25. Nxb3 Ra4) 24. Ne4 Nd8 (24... Qe6 $1 $11 25. Qxe6+ Rxe6) 25. Bc1 Kh8 26. Nh4 Ne6 (26... Qe6 $14 27. Qg2 a4) 27. Rf3 Rg8 28. Rh3 {[#]} g5 $1 {[%mdl 512]} 29. fxg5 (29. Nxg5 Nxe5) 29... Nxe5 30. Qh5 (30. Qg2 $1 $14 Ref8 31. Rf1) 30... Ref8 ({Black should play} 30... Qf7 $1 $15 31. Qd1 (31. Qxf7 Nxf7 32. g6 Neg5 $17) 31... Ref8) 31. Kh1 {Nf6 is the strong threat.} Qf7 $1 {[%cal Rf7h5]} 32. Qxf7 Rxf7 (32... Nxf7 $2 33. g6 $18) 33. Rg1 (33. a4 $11) 33... Nf4 $2 (33... Bd8 $1 $17 {keeps the pressure on.}) 34. Bxf4 $1 $16 Rxf4 {[#]} 35. Nxc5 (35. Nf6 $1 $16 Rg7 36. Re1 (36. Nh5 Rf2 $14)) 35... Rf2 {[#]} (35... d3 $11 {keeps the balance.} 36. Ne6 Rg4) 36. Ne6 ({Only move:} 36. g6 $1 $16 Re2 37. Ne6) 36... Bd6 $2 (36... Bb6 $11 {and Black stays safe.}) 37. g6 $1 $18 {[%cal Rg6g7] Threatens to win with g7+.} ({Not} 37. Nxd4 Nd3 $11) 37... Re8 38. g7+ $2 (38. Ng5 $18 Bxa3 39. Re1) 38... Kg8 $14 39. Nxd4 {aiming for Re1.} Ng6 $2 (39... Nf7 $14) 40. Nhf5 ({Don't play} 40. Nxg6 hxg6 41. Rxg6 Re1+ 42. Rg1 Rxg1+ 43. Kxg1 Rf6 $18) (40. Nhf3 $142) 40... Bxa3 $2 (40... Bc5 41. Nf3 Rxf3 42. Rxf3 Bxg1) 41. Rxg6 {Precision: White = 38%, Black = 14%.} 1-0

[Event "27th CRO-chT 1B-Men 2018"]
[Site "Biograd"]
[Date "2018.09.17"]
[Round "3.5"]
[White "Ivic, Mateo"]
[Black "Trbojevic, Mladen"]
[Result "0-1"]
[WhiteElo "2223"]
[BlackElo "2353"]
[Annotator "TA"]
[PlyCount "78"]
[EventDate "2018.09.15"]
[EventType "team-tourn"]
[EventCountry "CRO"]
[SourceTitle "playchess.com"]
[Source "ChessBase"]
[SourceQuality "1"]

{[%evp 10,78,22,6,63,15,14,0,25,-11,29,0,0,0,2,-4,0,-23,-33,-8,0,-12,0,0,9,10,61,-21,12,15,15,12,19,-40,-34,-50,-15,-35,-33,-45,-36,-250,-255,-256,-255,-244,-245,-325,-337,-316,-316,-338,-291,-295,-285,-302,-325,-300,-295,-510,-295,-1340,-1292,-1413,-1368,-1340,-1262,-1210,-1092,-1087,-1120]} 1. e4 e5 2. Nf3 Nc6 3. Bb5 a6 4. Ba4 Nge7 5. d4 exd4 6. Nxd4 g6 {C70: Ruy Lopez: 3...a6 4 Ba4, Norwegian and Delayed Schliemann} (6... Nxd4 $11 7. Qxd4 Nc6 8. Bxc6 dxc6 9. Qxd8+ Kxd8) 7. Nc3 {And now Bg5 would win.} Bg7 8. Be3 (8. Nxc6 Nxc6 9. O-O O-O 10. Nd5 d6 11. c3 Re8 12. Re1 b5 13. Bc2 {½-½ (24) Alekseev,E (2698)-Matlakov,M (2700) St Petersburg 2013}) 8... O-O {The position is equal.} 9. O-O b5 10. Bb3 Na5 11. Nde2 d6 12. Qd2 c5 $146 {With the idea ...c4.} ({Predecessor:} 12... Nxb3 13. axb3 Bb7 14. Bd4 Bxd4 15. Qxd4 {1-0 (35) Guliyev,N (2566)-Mirimanian,H (2290) Paris 2017}) 13. Nd5 Nxb3 14. axb3 Nxd5 15. Qxd5 Be6 16. Qc6 Qc8 17. Qxd6 c4 (17... Rd8 $11 18. Qb6 (18. Qxc5 Qxc5 19. Bxc5 Rd2 $11) 18... Bxb2) 18. Nf4 (18. b4 $1 $14) 18... Bxb2 19. Nxe6 Qxe6 20. Qxe6 fxe6 21. Rab1 (21. Ra2 $11 Bc3 22. bxc4) 21... Bc3 $15 22. Rfd1 Rfd8 23. Kf1 Rxd1+ 24. Rxd1 {[%mdl 4096] Endgame KRB-KRB} a5 {[%cal Ba6a5,Ba5a4][%mdl 32] ...a4 is the strong threat.} 25. Rd7 $2 {[#]} ({White should try} 25. Bc1 $15) 25... cxb3 $1 $19 26. cxb3 {[#]} a4 $1 {[%cal Ra4b3]} 27. bxa4 bxa4 {aiming for ...a3.} 28. Bd4 Bxd4 29. Rxd4 {KR-KR} a3 {[%cal Ba4a3,Ba3a2][%mdl 32]} 30. Rd1 a2 31. Ra1 Kf7 32. Ke2 Kf6 33. Ke3 Kg5 34. f3 $2 (34. h3) 34... h5 {[%cal Bh7h5,Bh5h4,Bh4h3][%mdl 32]} 35. Kd3 $2 (35. g3) 35... Kf4 {Black is clearly winning.} 36. Ke2 h4 37. Kf2 Ke5 38. Ke3 Ra3+ 39. Kd2 {[#]} h3 $1 {[%mdl 512] Precision: White = 28%, Black = 67%.} 0-1

[Event "27th CRO-chT 1B-Men 2018"]
[Site "Biograd"]
[Date "2018.09.17"]
[Round "3.6"]
[White "Tomasic, Roland"]
[Black "Curic, Drazen"]
[Result "1-0"]
[WhiteElo "2166"]
[BlackElo "2133"]
[Annotator "TA"]
[PlyCount "65"]
[EventDate "2018.09.15"]
[EventType "team-tourn"]
[EventCountry "CRO"]
[SourceTitle "playchess.com"]
[Source "ChessBase"]
[SourceQuality "1"]

{[%evp 15,65,52,54,56,79,50,76,83,72,73,95,96,106,43,48,47,87,87,81,76,179,169,190,162,188,136,143,143,274,263,260,243,270,285,303,208,424,222,202,196,210,188,203,118,400,420,458,432,29995,29996,29996,537]} 1. e4 c5 2. Nf3 a6 3. c4 g6 4. d4 cxd4 5. Nxd4 Bg7 6. Be2 {B28: Sicilian: 2 Nf3 a6 (O'Kelly Variation)} Nf6 7. Nc3 d6 8. O-O O-O {LiveBook: 55 Games} 9. Rb1 (9. Bg5 Nbd7 10. Qd2 Re8 11. Rfd1 b6 12. Rac1 Bb7 13. f3 e6 14. Nc2 Bf8 15. Qf4 Rc8 16. Qg3 {0-1 (114) Fodor,T (2496)-McDonald,N (2397) London 2017}) 9... Nbd7 10. Kh1 $146 ({Predecessor:} 10. Be3 e6 11. Qd2 Qc7 12. f3 Rd8 13. Rfc1 b6 14. b4 Bb7 15. Nb3 Rac8 {1-0 (37) Knodt,P (1745)-Kappes,D (2026) Schweich 2010}) 10... Nc5 11. f3 e5 12. Nc2 Nh5 {[%cal Bf6h5,Bh5f4,Bf4e2][%mdl 32]} 13. Be3 Nf4 14. g3 (14. Rf2 $16) 14... Nxe2 $14 15. Qxe2 Bh3 16. Rfd1 Ne6 {[#]} 17. c5 $1 {[%mdl 512]} Qb8 (17... Qe8 $16) (17... dxc5 18. Rxd8) 18. Rxd6 $18 Rc8 19. b4 a5 20. a3 (20. Na4 $18) 20... axb4 $16 21. axb4 Nd4 (21... Rd8 $16 {might work better.}) 22. Nxd4 $18 exd4 23. Bxd4 Bxd4 24. Rxd4 Qe5 25. Rbd1 b6 $2 (25... Ra1 {was worth a try.}) 26. Qe3 (26. cxb6 $142 Rxc3 27. Qb2) 26... bxc5 27. Rd5 Qb8 28. bxc5 Qb4 29. g4 (29. e5 $18) 29... Kg7 $2 {[%mdl 8192]} (29... Ra3 $16 {was called for.} 30. Qh6 Ra1) 30. Ne2 Ra3 31. Qf4 {[#] White wants to mate with Qe5+.} Ra2 (31... Qb2 $18 32. Rd7 Bg2+ 33. Kxg2 Qxe2+ 34. Kg3 Rf8) 32. Qe5+ Kh6 33. g5+ {Precision: White = 44%, Black = 33%.} 1-0

[Event "27th CRO-chT 1B-Men 2018"]
[Site "Biograd"]
[Date "2018.09.17"]
[Round "3.7"]
[White "Pap, Misa"]
[Black "Livaic, Leon"]
[Result "0-1"]
[WhiteElo "2482"]
[BlackElo "2483"]
[Annotator "TA"]
[PlyCount "64"]
[EventDate "2018.09.15"]
[EventType "team-tourn"]
[EventCountry "CRO"]
[SourceTitle "playchess.com"]
[Source "ChessBase"]
[SourceQuality "1"]

{[%evp 20,64,8,16,0,0,0,-7,-10,-33,-29,-83,-91,-77,-84,-136,-136,-122,-123,-204,-212,-218,-206,-314,-312,-315,-314,-297,-283,-275,-222,-258,-259,-414,-306,-772,-762,-729,-710,-953,-965,-964,-943,-950,-954,-714,-466]} 1. e4 c5 2. c3 d5 3. exd5 Qxd5 4. d4 Nc6 5. Nf3 Bf5 6. Be3 Nf6 {B22: Sicilian: 2 c3} 7. Na3 e6 8. dxc5 O-O-O 9. Nc4 Bxc5 10. Qxd5 Rxd5 11. Bxc5 {LiveBook: 4 Games} Rxc5 12. Nd6+ Kc7 $1 {[%cal Rc7d6]} 13. Nxf5 $146 ({But not} 13. Nxf7 Rf8 $17) ({Predecessor:} 13. Nb5+ Kb8 14. Nbd4 {½-½ (36) Rozentalis,E (2509)-Moiseenko,A (2671) Jerusalem 2017}) 13... exf5 14. Bd3 Re8+ 15. Kf1 (15. Kd2 $11) 15... Ne5 $17 16. Nxe5 Rcxe5 17. g3 (17. h4 $142) 17... Rd8 $36 {[%mdl 2048] Black has strong initiative.} 18. Rd1 Ne4 19. Bc2 (19. Kg2 $17 {is a better defense.}) 19... Rxd1+ $19 20. Bxd1 {[%mdl 4096] Endgame [#] KRB-KRN} Rd5 $1 {[%cal Rd5d1]} 21. Bb3 (21. Kg2 $142) 21... Rd2 $1 {[%csl LRb2,LRf2]} 22. f3 {[#]} Ng5 $1 23. f4 Ne4 24. Bxf7 Rf2+ 25. Kg1 Rxb2 26. Kf1 (26. h4 {was necessary.}) 26... Nxc3 27. Be6 $2 (27. h4) 27... Nd1 {Black is clearly winning.} 28. Ke1 Ne3 29. Rg1 Rb1+ 30. Kf2 Ng4+ 31. Kg2 Rb2+ 32. Kf1 Nxh2+ {Precision: White = 24%, Black = 94%.} 0-1

[Event "27th CRO-chT 1B-Men 2018"]
[Site "Biograd"]
[Date "2018.09.17"]
[Round "3.8"]
[White "Plat, Vojtech"]
[Black "Nikcevic, Nebojsa"]
[Result "1/2-1/2"]
[WhiteElo "2540"]
[BlackElo "2428"]
[Annotator "TA"]
[PlyCount "39"]
[EventDate "2018.09.15"]
[EventType "team-tourn"]
[EventCountry "CRO"]
[SourceTitle "playchess.com"]
[Source "ChessBase"]
[SourceQuality "1"]

{[%evp 9,39,11,21,-2,13,7,35,4,14,11,14,8,6,14,8,-8,-6,-5,-9,-11,-8,-10,-5,-12,-7,-25,-11,-30,-15,-7,0,0]} 1. e4 e5 2. Nf3 Nf6 3. d4 Nxe4 4. Bd3 Nc6 5. d5 Nc5 {LiveBook: 32 Partien} (5... Nf6 6. dxc6 e4 7. cxb7 Bxb7 8. Be2 exf3 9. Bxf3 Bxf3 10. Qxf3 Be7 11. O-O O-O 12. b3 d5 13. Bb2 {½-½ (30) Izoria,Z (2599)-Lenderman,A (2599) Saint Louis 2018}) 6. Be2 {C43: Russische Verteidigung (Petrow)} Ne7 7. Nxe5 Ng6 8. Nc4 $146 {Weiß steht etwas besser.} ({Vorgänger:} 8. Nxg6 hxg6 9. Nc3 d6 10. Be3 Be7 11. Qd2 a6 12. O-O-O b5 13. Bf3 {0-1 (36) Karpus,M (2267)-Gritsak,O (2471) Poronin 2017}) 8... d6 $1 9. Nc3 Be7 {[%cal Bf8e7,Be7f6,Bf6e5][%mdl 32]} 10. Be3 O-O 11. O-O Bf6 12. Bxc5 dxc5 13. Ne4 Re8 14. Bf3 Ne5 15. Nxe5 Bxe5 16. c3 Bf5 {[#] Und ...Lxe4 würde nun gewinnen.} 17. Ng3 Bd7 18. Re1 Bd6 19. Ne4 f5 20. Nxd6 {Precision: Weiß = 42%, Schwarz = 55%.} 1/2-1/2

[Event "27th CRO-chT 1B-Men 2018"]
[Site "Biograd"]
[Date "2018.09.19"]
[Round "3.9"]
[White "Matkovic, Tonci"]
[Black "Zilka, Stepan"]
[Result "0-1"]
[WhiteElo "2274"]
[BlackElo "2521"]
[Annotator "TA"]
[PlyCount "120"]
[EventDate "2018.09.15"]
[EventType "team-tourn"]
[EventCountry "CRO"]
[SourceTitle "playchess.com"]
[Source "ChessBase"]
[SourceQuality "1"]

{[%evp 25,120,31,33,31,30,29,30,35,35,31,38,54,62,54,58,33,45,20,16,6,6,4,14,0,0,-16,-4,-7,0,0,0,0,0,-38,-3,-14,-22,-16,0,0,0,0,0,0,0,0,0,0,0,-61,-83,-70,0,0,0,0,0,-33,-10,-12,-13,-27,-27,-29,-22,-22,-11,-12,-17,-16,-13,-24,-18,-22,-33,-153,-40,-90,-97,-582,-568,-533,-537,-412,-359,-281,-277,-29984,-29985,-29985,-29985,-29984,-29985,-29987,-29988,-29989,-29990]} 1. e4 c5 2. c4 d6 3. Nc3 Nc6 4. d3 g6 5. g3 Bg7 6. Bg2 e6 7. Nge2 Nge7 8. Rb1 O-O 9. O-O b6 10. a3 Bb7 11. b4 Nd4 12. Nxd4 Bxd4 13. Ne2 Bg7 14. Bb2 $146 {A36: Symmetrical English vs ...g6: 4 Bg2 Bg7} ({Predecessor:} 14. Be3 Qd7 15. Qb3 Rac8 16. d4 cxd4 17. Nxd4 Nc6 18. Rfd1 Nxd4 19. Bxd4 Bxd4 20. Rxd4 Qc7 21. Rbd1 Rfd8 {½-½ (21) Le Quang,K (2328)-De Haan,E (2294) Belgium 2006}) 14... Bxb2 15. Rxb2 Rb8 16. d4 {White has an edge.} cxd4 17. Nxd4 a6 18. Rd2 Qc7 19. Nc2 Qxc4 20. Rxd6 Bc6 21. Qd2 (21. Ne3 {feels hotter.} Qc3 22. Rd3 Qg7 23. a4 g5 24. Qb3) 21... Qa2 $1 22. Ne3 Qxd2 $1 23. Rxd2 Rfc8 24. e5 Ba4 25. Rd6 Rc3 26. Ra1 Nf5 27. Nxf5 gxf5 28. Bf1 a5 29. Rd4 {[#] Hoping for bxa5.} Bc6 30. b5 Bd5 31. Bg2 Rc5 32. Bxd5 {Black must now prevent Bc6.} Rd8 33. Rad1 {aiming for Bc6.} Rdxd5 34. Rxd5 exd5 $11 {[%mdl 4096] Endgame KR-KR} 35. a4 f6 36. exf6 Kf7 37. f4 ({Better is} 37. Rd4 $11) 37... Kxf6 $15 38. Kf2 Rc2+ (38... Ke6 $15) 39. Kf3 $11 Rc3+ 40. Kf2 Rc2+ 41. Ke3 Ke6 42. Kd3 Rc4 43. Re1+ $1 Kd6 44. Re5 $1 Kc5 45. Rxf5 Rd4+ 46. Kc3 Rxa4 47. Rh5 Ra3+ 48. Kd2 $1 a4 49. Rxh7 Kxb5 50. Rh8 (50. Ra7 $15) 50... Kc4 (50... d4 $17 51. g4 Ra1) 51. Rc8+ Kd4 {Threatens to win with ...Ra2+.} 52. Rb8 $2 {[%mdl 8192]} (52. f5 $17 {nothing else works.}) 52... Ra2+ $19 53. Kc1 Kc3 {[%cal Ra2a1]} 54. Rc8+ Kd3 55. Kb1 Rxh2 56. Rc6 $2 {[#]} (56. Rb8 $19) 56... b5 {[%cal Bb6b5,Bb5b4][%mdl 32] Black mates.} 57. Rc5 Rh1+ 58. Kb2 b4 59. Rxd5+ Kc4 60. Rd8 a3+ {Precision: White = 46%, Black = 73%.} 0-1